Sun-rise : (Record no. 99070)

MARC details
000 -LEADER
fixed length control field 00859nam a2200241 a 4500
008 - FIXED-LENGTH DATA ELEMENTS--GENERAL INFORMATION
fixed length control field
049 ## - LOCAL HOLDINGS (OCLC)
Holding library MAIN
090 ## - LOCALLY ASSIGNED LC-TYPE CALL NUMBER (OCLC); LOCAL CALL NUMBER (RLIN)
Classification number (OCLC) (R) ; Classification number, CALL (RLIN) (NR) HG3852
Local cutter number (OCLC) ; Book number/undivided call number, CALL (RLIN) RES
003 - CONTROL NUMBER IDENTIFIER
control field
005 - DATE AND TIME OF LATEST TRANSACTION
control field 20230120153121.0
040 ## - CATALOGING SOURCE
Transcribing agency NUST
110 01 - MAIN ENTRY--CORPORATE NAME
Corporate name or jurisdiction name as entry element Reserve Bank of Zimbabwe.
245 10 - TITLE STATEMENT
Title Sun-rise :
Remainder of title a new beginning - the national payments system and the observed disintermediation
Number of part/section of a work need for currency reforms /
Statement of responsibility, etc. delievered by Gedion Gono.
260 ## - PUBLICATION, DISTRIBUTION, ETC.
Place of publication, distribution, etc. Harare :
Name of publisher, distributor, etc. Reserve Bank of Zimbabwe,
Date of publication, distribution, etc. 2006.
300 ## - PHYSICAL DESCRIPTION
Extent 28 p. :
Other physical details col. ill. ;
Dimensions 30 cm.
500 ## - GENERAL NOTE
General note July 2006.
500 ## - GENERAL NOTE
General note Supplement to the first half 2006 monetary policy review.
650 ## - SUBJECT ADDED ENTRY--TOPICAL TERM
Topical term or geographic name entry element Currency reforms
Geographic subdivision Zimbabwe.
650 ## - SUBJECT ADDED ENTRY--TOPICAL TERM
Topical term or geographic name entry element Curreny revaluation
Geographic subdivision Zimbabwe.
650 #1 - SUBJECT ADDED ENTRY--TOPICAL TERM
Topical term or geographic name entry element Currency devaluation
Geographic subdivision Zimbabwe.
907 ## - LOCAL DATA ELEMENT G, LDG (RLIN)
a .b10212061
b 29-01-16
c 28-08-06
942 ## - ADDED ENTRY ELEMENTS (KOHA)
Koha item type Ordinary Loan Books
Call number prefix HG3852
Call number suffix RES
Holdings
Date last seen Total Checkouts Full call number Barcode Cost, replacement price Price effective from Koha item type Lost status Source of classification or shelving scheme Damaged status Not for loan Collection Withdrawn status Home library Current library Shelving location Date acquired Cost, normal purchase price
01/20/2023   HG3852 RES 92004004960 80.00 01/20/2023 3HOUR   LCC     NFIC   MAIN MAIN GEN 01/20/2023 80.00